| 000 | 00440nam a2200169 a 4500 | ||
|---|---|---|---|
| 001 | 1771589609105 | ||
| 003 | YourLibrary | ||
| 005 | 20260220174643.0 | ||
| 008 | 260220s2003##################000#0#eng## | ||
| 020 | _a9788170201284 | ||
| 082 | 0 | 4 |
_a320.549 _bMAJ |
| 100 | 1 |
_aMazeed, A., _eauthor. |
|
| 245 | 1 | 0 | _aRegionalism: Developmental Tensions in India : |
| 260 | _c2003. | ||
| 942 | _cENGLISH | ||
| 040 |
_aYourLibrary _beng _cYourLibrary |
||
| 999 |
_c614773 _d614773 |
||